Club ayant gagné 7 titres ou plus de Ligue 1 - Mort subite - Statistiques

Statistiques générales
  • Ce quiz a été pris 567 fois
  • Le résultat moyen est 4 sur 6
Answers on the Grid
Answers color-coded by a green-red scale on the quiz's grid according to % correct below.
AJ Auxerre
AS Monaco
AS Saint-Étienne
FC Nantes
FC Sochaux-Montbéliard
Girondins de Bordeaux
Lille OSC
Montpellier HSC
OGC Nice
Olympique de Marseille
Olympique lyonnais
Paris Saint-Germain
RC Lens
RC Strasbourg
Stade de Reims
 
Statistiques - réponses
Réponse % Correct
13 (1986, 1994, 2013, 2014, 2015, 2016, 2018, 2019, 2020, 2022, 2023, 2024, 2025) Paris Saint-Germain
91%
9 (1937, 1948, 1971, 1972, 1989, 1990, 1991, 1992, 2010) Olympique de Marseille
82%
7 (2002, 2003, 2004, 2005, 2006, 2007, 2008) Olympique lyonnais
82%
10 (1957, 1964, 1967, 1968, 1969, 1970, 1974, 1975, 1976, 1981) AS Saint-Étienne
76%
8 (1965, 1966, 1973, 1977, 1980, 1983, 1995, 2001) FC Nantes
38%
8 (1961, 1963, 1978, 1982, 1988, 1997, 2000, 2017) AS Monaco
33%
Aucun quiz correspondant
Distribution des résultats
% des personnes avec chaque résultat
Percentile par nombre de réponses
Votre historique - résultats
Vous n’avez pas pris ce quiz